| 000 | 00697nam a2200181Ia 4500 | ||
|---|---|---|---|
| 003 | IN-BaIIA | ||
| 008 | 211028s9999 xx 000 0 eng d | ||
| 020 | _a92-95003-29-2 | ||
| 040 | _cIIA Library | ||
| 080 |
_a52(082) _bICT |
||
| 110 |
_aInternational Centre for Theoretical Physics _912245 |
||
| 245 | 0 |
_aOne hundred reasons to be a scientist _b40th anniversary, 1964-2004 _cInternational Centre for Theoretical Physics |
|
| 260 |
_aTrieste _bThe Abdus Salam International Center for Theoretical Physics _c2004 |
||
| 300 | _a263p. | ||
| 650 |
_aAstronomy and astrophysics _92815 |
||
| 650 |
_aScientists -Collective Works _929777 |
||
| 942 | _cBK | ||
| 999 |
_c16097 _d16097 |
||